The study about piglet diarrhea, during mammary suckle in tek chhou district, kampot province, ការសិក្សាពីជំងឺរាកកុនជ្រូកក្នុងកមឡុងពេលបៅដោះ នៅស្រុកទឹកឈូ ខេត្តកំពត (Record no. 2740)

000 -LEADER
fixed length control field 00650nam a22001337a 4500
040 ## - CATALOGING SOURCE
Transcribing agency RUA
082 ## - DEWEY DECIMAL CLASSIFICATION NUMBER
Classification number AVM THA 2013 B111 Or.1
100 ## - MAIN ENTRY--AUTHOR NAME
Personal name THACH, SOVANNARY.
245 ## - TITLE STATEMENT
Title The study about piglet diarrhea, during mammary suckle in tek chhou district, kampot province, ការសិក្សាពីជំងឺរាកកុនជ្រូកក្នុងកមឡុងពេលបៅដោះ នៅស្រុកទឹកឈូ ខេត្តកំពត
260 ## - PUBLICATION, DISTRIBUTION, ETC. (IMPRINT)
Place of publication Phnom Penh
Name of publisher RUA
Year of publication 2013
300 ## - PHYSICAL DESCRIPTION
Number of Pages ix; 36p.
Other physical details ill.
Dimensions 29cm.
856 ## - ELECTRONIC LOCATION AND ACCESS
Uniform Resource Identifier https://drive.google.com/file/d/1NMMGr4CiPPO-Pobnpm2tBx6-fF-zcMCu/view?usp=sharing
942 ## - ADDED ENTRY ELEMENTS (KOHA)
Koha item type AVM
952 ## - LOCATION AND ITEM INFORMATION (KOHA)
Withdrawn status [LOCAL, KOHA] 0
952 ## - LOCATION AND ITEM INFORMATION (KOHA)
Withdrawn status [LOCAL, KOHA] 0
952 ## - LOCATION AND ITEM INFORMATION (KOHA)
Withdrawn status [LOCAL, KOHA] 0
952 ## - LOCATION AND ITEM INFORMATION (KOHA)
Withdrawn status [LOCAL, KOHA] 0
952 ## - LOCATION AND ITEM INFORMATION (KOHA)
Withdrawn status [LOCAL, KOHA] 0
952 ## - LOCATION AND ITEM INFORMATION (KOHA)
Withdrawn status [LOCAL, KOHA] 0
952 ## - LOCATION AND ITEM INFORMATION (KOHA)
Withdrawn status [LOCAL, KOHA] 0
952 ## - LOCATION AND ITEM INFORMATION (KOHA)
Withdrawn status [LOCAL, KOHA] 0
952 ## - LOCATION AND ITEM INFORMATION (KOHA)
Withdrawn status [LOCAL, KOHA] 0
952 ## - LOCATION AND ITEM INFORMATION (KOHA)
Withdrawn status [LOCAL, KOHA] 0
Holdings
Permanent Location Date acquired Koha item type Lost status Shelving location Barcode Current Location Full call number
Library Block B2015-10-26AVM B111RUA016246Library Block BAVM THA 2013 B111 Or.1
Library Block B2015-10-26AVM B111RUA016426Library Block BAVM THA 2013 B111 Or.2
Library Block B2015-10-26AVM B111RUA016352Library Block BAVM THA 2013 B111 Or.3
Library Block B2015-10-26AVM B111RUA016082Library Block BAVM THA 2013 B111 Or.4
Library Block B2015-10-26AVM B111RUA016154Library Block BAVM THA 2013 B111 Or.5
Library Block B2015-10-26AVM B111RUA015666Library Block BAVM THA 2013 B111 Or.6
Library Block B2015-10-26AVM B111RUA015527Library Block BAVM THA 2013 B111 Or.7
Library Block B2015-10-28AVM B111RUA018051Library Block BAVM THA 2013 B111 Or.8
Library Block B2019-06-19AVM B1.238A40580Library Block BAVM THA 2013 B1.238 Or.1
Library Block B2019-07-15AVM B1.230A40236Library Block BAVM THA 2013 B1.230 Or.1
មជ្ឈមណ្ឌលឯការនៃសាកលវិទ្យាល័យភូមិន្ទកសិកម្មចំការដូង

Powered by Koha